000 00992nam a2200277 a 4500
001 000028791
003 DO-SdBNP
005 20240627113405.0
007 ta
008 240627s1973 dr 000 0 spa d
040 _aDO-SdBNP
_bspa
_cBNPHU
_erda
082 _bM972r
_222
100 _aMuratore, Joseph R.
_eautor
_985870
110 _9447
245 _aLos restos de Cristóbal Colón :
_buna narración reveladora y documentada sobre los restos de Colón
_cJoseph R. Muratore
246 _aThe remains of Christopher Columbus :
_ba revealing, documented, narrative, about Columbus`remains
264 _aSanto Domingo :
_bEditorial Cultural Dominicana :
_c1973.
300 _a90 paginas. :
_bilustraciones ;
_c22 cm.
336 _2rdacontent
_atexto
_btxt
337 _2rdamedia
_asin mediación
_bn
338 _2rdacarrier
_avolumen
_bnc
500 _aEste fue publicado en inglés y español en una edición
590 _aInventariado, 2024/DG
910 _aDG
942 _2ddc
_cLBS1
999 _c57037
_d57037